| 000 | 00489nam a2200193 u 4500 | ||
|---|---|---|---|
| 005 | 20240210063609.0 | ||
| 008 | 150512s2005 mx r 000 0 spa d | ||
| 020 | _a9706437991 | ||
| 035 | _aUPN01000203418 | ||
| 049 | _aI | ||
| 050 | 4 |
_aPN6367 _bA3.5 |
|
| 245 | 0 | 0 | _aAdivinanzas-- de andar por casa. |
| 260 |
_aMéxico : _bSelector, _c2005. |
||
| 300 |
_a[32] p. : _bil. col. |
||
| 440 | 0 | _aAdivina conmigo | |
| 650 | 4 |
_aAdivinanzas _9114 |
|
| 905 | _aInfantil | ||
| 999 |
_c175519 _d175519 |
||